-
Ramaswamy, U.S and Namakumari, S.
Entry Personal Name
Number of records used in: 1
001 - CONTROL NUMBER
003 - CONTROL NUMBER IDENTIFIER
005 - DATE AND TIME OF LATEST TRANSACTION
- control field:
20160621103316.0
008 - FIXED-LENGTH DATA ELEMENTS
- fixed length control field:
160621|| aca||aabn | a|a d
040 ## - CATALOGING SOURCE
- Original cataloging agency:
OSt
- Transcribing agency:
OSt
100 ## - HEADING--PERSONAL NAME
- Personal name:
Ramaswamy, U.S and Namakumari, S.
670 ## - SOURCE DATA FOUND
- Source citation:
Work cat.: (OSt): Ramaswamy, U.S and Namakumari, S., Marketing Management, 2008